00828nam a22002177a 450000500170000001000150001702000260003203500140005803700130007208200080008510000190009324501520011226000450026427000830030930000220039250000190041470000160043394200220044999900190047195201200049020171024122342.0 aENG-121053 c599.00a9789351952053 aEN-104585 bDBAD/PUB a330 aMuhammad Yunus aA world of three zeros :bthe new economics of zero poverty, zero unemployment, and zero net carbon emissions /cby Muhammad Yunus [and] Karl Weber aGurgaon bHachette Book Publishingc2017 a4th and 5th Floors, Corporate Centre, Plot No. 94, Sector 44bGurgaon e122003 a288p.c22.5cm(Hb) aIncludes index aWeber, Karl 2ddccENh330mMUH c146803d146803 001040718NFICaDBADbBNd2017-10-24eDBAD/PUBg599.00l0o330 MUHpEN-104585r2017-10-24 00:00:00t1v599.00yEN